Delitos informáticos (Registro nro. 967)

Detalles MARC
000 -Cabecera
Campo de control de longitud fija 00629aam a2200253 4500
005 - Fecha y hora de la última transacción
Campo de control 20260309154923.0
008 - Elementos de longitud fija--Información general
Campo de control de longitud fija 150309b2004 xxu||||| |||| 00| 0 spa d
020 ## - International Standard Book Number
Número Internacional Estándar del Libro (ISBN) 9977133085
041 ## - Idioma
Código de idioma Español
082 ## - Clasificación Decimal Dewey
Número de clasificación 364.147 C539d
100 ## - Entrada principal--Autor personal
Nombre personal Chinchilla Sandí, Carlos
245 ## - Título propiamente dicho
Título Delitos informáticos
260 ## - Pie de imprenta
Lugar de publicación, distribución, etc. Costa Rica
260 ## - Pie de imprenta
Nombre del editor, distribuidor, etc. IJSA
260 ## - Pie de imprenta
Fecha de publicación, distribución, etc. 2002
300 ## - Descripción física
Extensión 152 páginas
490 ## - Serie
Título de la Serie Investigación Criminal
650 ## - Materia general
Temática (materia general) DELITOS INFORMATICOS
650 ## - Materia general
Temática (materia general) DERECHO INFORMÁTICO
650 ## - Materia general
Temática (materia general) INFORMÁTICA JUDICIAL
650 ## - Materia general
Temática (materia general) DERECHO PENAL
650 ## - Materia general
Temática (materia general) COMUNICACIONES
942 ## - Punto de acceso adicional KOHA
Tipo de ítem KOHA Libro
Fuente del sistema de clasificación o colocación Dewey Decimal Classification
Existencias
Signatura completa Código de barras Programa Académico Tipo de ítem
364.147 C539d 8433 Investigación Criminal Libro